El modernismo
Gardado en:
| Autor Principal: | |
|---|---|
| Formato: | Libro |
| Idioma: | Lingua castelá |
| Publicado: |
Madrid
Alianza
1982
|
| Edición: | 2a. ed |
| Series: | Alianza Forma
|
| Subjects: | |
| Tags: |
Engadir etiqueta
Sen Etiquetas, Sexa o primeiro en etiquetar este rexistro!
|
MARC
| LEADER | 00000nam a2200000 a 4500 | ||
|---|---|---|---|
| 001 | UCG4501 | ||
| 003 | CL-VaPUC | ||
| 008 | 101104e19820000SP |||||||||||||||||spa|d | ||
| 020 | |a 842067012X | ||
| 082 | 0 | 4 | |a 709.04 |b SCH |2 21 |
| 100 | 0 | |a Schmutzler, Robert |e author |9 553805 | |
| 245 | 1 | 3 | |a El modernismo |
| 250 | |a 2a. ed | ||
| 300 | |a 209 p | ||
| 942 | |c BK | ||
| 945 | |d 20101104 00:00:00 |a mfarfan | ||
| 260 | |a Madrid |b Alianza |c 1982 | ||
| 650 | 0 | |a Modernismo |9 267987 | |
| 650 | 0 | |a Arte |9 265238 | |
| 650 | 0 | |a Arte contemporáneo |9 338008 | |
| 650 | 0 | |a Historia del arte |9 314877 | |
| 583 | |a last modification |c 20101104 00:00:00 |k Rodrigo Vera | ||
| 490 | 0 | |a Alianza Forma | |
| 999 | |c 343203 |d 343201 | ||
| 952 | |0 0 |1 0 |4 0 |6 709_040000000000000_SCH_1982 |7 0 |8 A |9 440301 |a BIBHIS |b BIBHIS |d 2019-11-22 |i 4730755 |o 709.04 SCH 1982 |p 4730755 |r 2025-01-20 |w 2019-11-22 |y BK |k HIS | ||